Desarrollo productivo en economías abiertas / (Registro nro. 8622)
[ vista simple ]
| 000 -LEADER | |
|---|---|
| fixed length control field | 01201nam a2200241Ia 4500 |
| 003 - CONTROL NUMBER IDENTIFIER | |
| control field | OSt |
| 005 - DATE AND TIME OF LATEST TRANSACTION | |
| control field | 20211026154017.0 |
| 008 - FIXED-LENGTH DATA ELEMENTS--GENERAL INFORMATION | |
| fixed length control field | 210310s2004 pr ad fr 100 0 spa d |
| 040 ## - CATALOGING SOURCE | |
| Original cataloging agency | CO-JMCR |
| Transcribing agency | CO-JMCR |
| 041 0# - LANGUAGE CODE | |
| Language code of text/sound track or separate title | spa |
| 082 04 - DEWEY DECIMAL CLASSIFICATION NUMBER | |
| Classification number | 338.9 / |
| Item number | S493d |
| Edition number | 23 |
| 111 2# - MAIN ENTRY--MEETING NAME | |
| Meeting name or jurisdiction name as entry element | Sesiones de la CEPAL |
| Number of part/section/meeting | (30° : |
| Date of meeting or treaty signing | 2004 : |
| Location of meeting | San Juan, Puerto Rico ) |
| 9 (RLIN) | 41305 |
| 245 10 - TITLE STATEMENT | |
| Title | Desarrollo productivo en economías abiertas / |
| Statement of responsibility, etc. | trigésimo período de sesiones de la CEPAL, San Juan, Puerto Rico, 28 de junio al 2 de julio de 2004 |
| 260 ## - PUBLICATION, DISTRIBUTION, ETC. | |
| Place of publication, distribution, etc. | San Juan : |
| Name of publisher, distributor, etc. | Cepal : Naciones Unidas, |
| Date of publication, distribution, etc. | 2004 |
| 300 ## - PHYSICAL DESCRIPTION | |
| Extent | 71 páginas : |
| Other physical details | ilustraciones y gráficas a blanco y negro ; |
| Dimensions | 22 cm. |
| 500 ## - GENERAL NOTE | |
| General note | "Síntesis"--Portada<br/>Incluye notas a pie de página. |
| 504 ## - BIBLIOGRAPHY, ETC. NOTE | |
| Bibliography, etc. note | Bibliografía: páginas 67-71 |
| 505 0# - FORMATTED CONTENTS NOTE | |
| Formatted contents note | Rasgos básicos del escenario internacional actual -- Hechos estilizados del desarrollo reciente de la región -- Desarrollo productivo en economías abiertas -- Algunos lineamientos estratégicos de la intervención pública |
| 650 14 - SUBJECT ADDED ENTRY--TOPICAL TERM | |
| Topical term or geographic name entry element | Desarrollo sostenible |
| 9 (RLIN) | 17812 |
| Geographic subdivision | América Latina |
| 650 24 - SUBJECT ADDED ENTRY--TOPICAL TERM | |
| Topical term or geographic name entry element | Innovaciones tecnológicas |
| General subdivision | Aspectos económicos |
| 9 (RLIN) | 40876 |
| 650 24 - SUBJECT ADDED ENTRY--TOPICAL TERM | |
| Topical term or geographic name entry element | Historia económica |
| 9 (RLIN) | 41286 |
| 942 ## - ADDED ENTRY ELEMENTS (KOHA) | |
| Source of classification or shelving scheme | Dewey Decimal Classification |
| Koha item type | Books |
| Withdrawn status | Lost status | Source of classification or shelving scheme | Damaged status | Not for loan | Collection code | Home library | Current library | Date acquired | Source of acquisition | Full call number | Barcode | Date last seen | Copy number | Koha item type |
|---|---|---|---|---|---|---|---|---|---|---|---|---|---|---|
| Dewey Decimal Classification | Non-fiction | Biblioteca Pública José María del Castillo y Rada | Biblioteca Pública José María del Castillo y Rada | 04/15/2018 | Donación | 338.9 / C733d | 430005102 | 05/16/2024 | Ej.1 | Books |